Contemporary's Put english to work

Put English to Work It's ESL for the world of work! Contemporary's Put English to Work integrates competencies, structures, and functions within a communicative model. Students acquire general vocational and pre-vocational skills—a perfect prescription for vocation and workplace ESL progra...

Celý popis

Uloženo v:
Podrobná bibliografie
Hlavní autor: Gearhart, Sally
Médium: Kniha
Jazyk:Undetermined
Vydáno: New York McGraw-Hill 1996
Témata:
Tagy: Přidat tag
Žádné tagy, Buďte první, kdo otaguje tento záznam!
Thư viện lưu trữ: Trung tâm Học liệu Trường Đại học Cần Thơ
LEADER 01375nam a2200217Ia 4500
001 CTU_172146
008 210402s9999 xx 000 0 und d
020 |c 45.6 
082 |a 428.24 
082 |b G292 
100 |a Gearhart, Sally 
245 0 |a Contemporary's Put english to work 
245 0 |c Sally Gearhart 
260 |a New York 
260 |b McGraw-Hill 
260 |c 1996 
520 |a Put English to Work It's ESL for the world of work! Contemporary's Put English to Work integrates competencies, structures, and functions within a communicative model. Students acquire general vocational and pre-vocational skills—a perfect prescription for vocation and workplace ESL programs and one that's flexible enough for general adult ESL/ESOL programs, too. Each of the seven books follows the workplace experiences of several characters: getting hired, keeping a job, and working toward promotion, along with occasional returns to pre-employment. Accompanying audiocassettes provide recorded dialogues from the texts and other listening exercises. The instructor's manual contains lesson plans, extension activities, grammar explanations, answer keys, and tape scripts. 
650 |a Ngôn ngữ tiếng Anh,English language 
650 |x Dạy và học,Study and teaching 
904 |i Anh Thư 
980 |a Trung tâm Học liệu Trường Đại học Cần Thơ